Karakanakkadal/ (Record no. 22877)

000 -LEADER
fixed length control field 00354nam a22001451a 4500
082 ## - DEWEY DECIMAL CLASSIFICATION NUMBER
Classification number M3
Item number VAR/K
100 ## - MAIN ENTRY--AUTHOR NAME
Personal name Varkey Muttathu
245 ## - TITLE STATEMENT
Title Karakanakkadal/
Statement of responsibility, etc by Varkey Muttathu
260 ## - PUBLICATION, DISTRIBUTION, ETC. (IMPRINT)
Place of publication Thrissur:
Name of publisher Current Books,
Year of publication 1999.
300 ## - PHYSICAL DESCRIPTION
Number of Pages 239p.
650 ## - SUBJECT ADDED ENTRY--TOPICAL TERM
Topical Term Novel Malayalam
650 ## - SUBJECT ADDED ENTRY--TOPICAL TERM
Topical Term Literature Malayalam
650 ## - SUBJECT ADDED ENTRY--TOPICAL TERM
Topical Term Literature
942 ## - ADDED ENTRY ELEMENTS (KOHA)
Koha item type Book
Holdings
Withdrawn status Lost status Damaged status Not for loan Permanent Location Current Location Date acquired Cost, normal purchase price Full call number Accession Number Cost, replacement price Price effective from Koha item type Shelving location
Write off     1 Sree Sankaracharya University of Sanskrit Sree Sankaracharya University of Sanskrit 08.01.2015 90.00 M3 MUT/K 025458 0.00 08.01.2015 Book  
        Sree Sankaracharya University of Sanskrit Sree Sankaracharya University of Sanskrit 08.01.2015 90.00 M3 MUT/K 037587 0.00 08.01.2015 Book Stacks
        Sree Sankaracharya University of Sanskrit Sree Sankaracharya University of Sanskrit 08.01.2015 90.00 M3 MUT/K 040143 0.00 08.01.2015 Book Stacks
        Sree Sankaracharya University of Sanskrit Sree Sankaracharya University of Sanskrit 08.01.2015 90.00 M3 MUT/K 060159 0.00 08.01.2015 Book  
        Sree Sankaracharya University of Sanskrit Sree Sankaracharya University of Sanskrit 05.02.2020 90.00 M3 VAR/K 098480   05.02.2020 Book Stacks
        Sree Sankaracharya University of Sanskrit Sree Sankaracharya University of Sanskrit 05.02.2020 90.00 M3 VAR/K 098670   05.02.2020 Book Stacks
        Sree Sankaracharya University of Sanskrit Sree Sankaracharya University of Sanskrit 18.03.2020 90.00 M3 MUT/K 099518   18.03.2020 Book Stacks